Aperçu de l'histoire d'Egypte /

محفوظ في:

المؤلف الرئيسي: Mariette, Auguste, 1821-1881. (مؤلف)

التنسيق: كتاب

اللغة: French

منشور في: Le Caire : J. Barbier, imprimeur-éditeur, 1886.

الموضوعات:

الوسوم: إضافة وسم

لا توجد وسوم, كن أول من يضع وسما على هذه التسجيلة!

رقم الطلب: DT83 .M32

LEADER 00562nam a22001937a 4500
003 OSt
005 20260210115836.0
008 260210t1886 ua g 000 0 fre d
040 |c ARCE Library 
043 |a f-ua--- 
050 |a DT83  |b .M32 
100 1 |a Mariette, Auguste,   |d 1821-1881.  |e author 
245 1 0 |a Aperçu de l'histoire d'Egypte /   |c par Aug. Mariette-Bey. 
264 1 |a Le Caire :   |b J. Barbier, imprimeur-éditeur,   |c 1886. 
300 |a 142 pages ;   |c 25 cm. 
651 0 |a Egypt  |x History  |y To 640 A.D. 
901 |a reviewed 
942 |c BK  |2 lcc 
999 |c 28023  |d 28023